Odisea / (Registro nro. 7428)

Detalles MARC
000 -LEADER
fixed length control field 01389nam a22003017a 4500
003 - CONTROL NUMBER IDENTIFIER
control field OSt
005 - DATE AND TIME OF LATEST TRANSACTION
control field 20250702105433.0
008 - FIXED-LENGTH DATA ELEMENTS--GENERAL INFORMATION
fixed length control field 210303s2009 sp a|||er|||| 00| f spa d
020 ## - INTERNATIONAL STANDARD BOOK NUMBER
International Standard Book Number 9788437606408
040 ## - CATALOGING SOURCE
Original cataloging agency CO-JMCR
Transcribing agency CO-JMCR
041 1# - LANGUAGE CODE
Language code of text/sound track or separate title spa
Language code of original grc
082 04 - DEWEY DECIMAL CLASSIFICATION NUMBER
Classification number A-P
Item number HOMo3
Edition number 23
100 0# - MAIN ENTRY--PERSONAL NAME
Personal name Homero,
Relator term autor
9 (RLIN) 544
245 10 - TITLE STATEMENT
Title Odisea /
Statement of responsibility, etc. Homero ; edición y traducción de José Luis Calvo
250 ## - EDITION STATEMENT
Edition statement Decimoctava edición
260 ## - PUBLICATION, DISTRIBUTION, ETC.
Place of publication, distribution, etc. Madrid :
Name of publisher, distributor, etc. Catedra,
Date of publication, distribution, etc. 2009.
300 ## - PHYSICAL DESCRIPTION
Extent 400 páginas ;
Dimensions 18 cm.
490 0# - SERIES STATEMENT
Series statement Letras universales
500 ## - GENERAL NOTE
General note Título original: Ὀδύσσεια<br/>Incluye notas a pie de página.
520 3# - SUMMARY, ETC.
Summary, etc. Que el autor de la Odisea se llamara realmente Homero es algo que parece carecer, cada vez más, de importancia. Lo verdaderamente importante es que bajo este nombre, supuesto o no, se encuentra un genial poeta que supo dar una uniformidad de lengua y estilo a una serie de elementos heredados del folklore mediterráneo, anatolio de la saga griega y del mundo mágico, consiguiendo construir esta monumental epopeya dramática.
546 ## - LANGUAGE NOTE
Language note Traducido del griego,
650 14 - SUBJECT ADDED ENTRY--TOPICAL TERM
Topical term or geographic name entry element Literatura épica griega
9 (RLIN) 546
650 24 - SUBJECT ADDED ENTRY--TOPICAL TERM
Topical term or geographic name entry element Poesía épica griega
9 (RLIN) 545
650 24 - SUBJECT ADDED ENTRY--TOPICAL TERM
Topical term or geographic name entry element Mitología griega en la literatura
9 (RLIN) 548
650 24 - SUBJECT ADDED ENTRY--TOPICAL TERM
Topical term or geographic name entry element Héroes en la literatura
9 (RLIN) 547
700 1# - ADDED ENTRY--PERSONAL NAME
Personal name Calvo, José Luis,
Relator term editor y traductor
9 (RLIN) 14312
942 ## - ADDED ENTRY ELEMENTS (KOHA)
Source of classification or shelving scheme Dewey Decimal Classification
Koha item type Books
Existencias
Withdrawn status Lost status Source of classification or shelving scheme Damaged status Not for loan Collection code Home library Current library Date acquired Source of acquisition Total Checkouts Full call number Barcode Date last seen Date last checked out Copy number Price effective from Koha item type
    Dewey Decimal Classification     Fiction Biblioteca Pública José María del Castillo y Rada Biblioteca Pública José María del Castillo y Rada 12/19/2019 Donación 1 A-P HOMo3 201809722 08/28/2025 08/27/2025 Ej.1 03/03/2021 Books